Statistics for Countries With the Most Poverty - With Exceptions

Click here to take the quiz!

General Stats

  • This quiz has been taken 54 times
  • The average score is 26 of 35

Answer Stats

%Answer% Correct
69.51%Laos
96%
88.68%Syria
94%
48.29%Iraq
91%
67.91%Nepal
91%
75.96%Pakistan
91%
76.01%Bangladesh
87%
73.50%Haiti
87%
48.99%Honduras
87%
94.55%Yemen
87%
28.98%Bhutan
83%
47.38%Myanmar
83%
77.57%Papua New Guinea
83%
52.84%Indonesia
79%
35.49%Nicaragua
79%
75.14%Uzbekistan
79%
43.29%Guatemala
77%
52.60%Kyrgyzstan
74%
38.49%Tajikistan
74%
37.32%Sri Lanka
72%
53.77%Belize
68%
68.81%FS Micronesia
68%
38.31%Suriname
68%
30.33%Turkmenistan
68%
56.12%Philippines
66%
26.78%Samoa
66%
83.38%Solomon Islands
66%
44.02%Armenia
64%
65.11%Kiribati
64%
42.00%Georgia
60%
27.29%Nauru
60%
30.10%Tuvalu
60%
29.37%Colombia
55%
25.39%Ecuador
55%
29.93%Jamaica
49%
29.86%Albania
30%

Score Distribution

Percentile by Number Answered

Percent of People with Each Score

Your Score History

You have not taken this quiz